000 01178cam a22003374i 4500
003 PE-LiUPU
005 20250731183400.0
008 150623s r 000 0 d
035 _a(Sirsi) a23117
040 _aPE-LiUPU
_bspa
_cPE-LiUPU
_erda
082 0 4 _a783.95
_bD19
_221
100 1 _aDalton, Larry,
_eautor.
245 1 0 _aPraise magnificat piano /
_cLarry Dalton.
264 1 _aMobile, AL :
_bIntegrity Music, Inc.,
_c1994.
300 _a86 páginas :
_bilustraciones partituras ;
_c26 cm.
336 _atext
_2rdacontent
337 _aunmediated
_2rdamedia
338 _avolume
_2rdacarrier
505 0 _aPraise magnificat piano.
526 _aP158
526 _aP146
526 _aP17
526 _aP12
526 _aP06
650 0 4 _aMúsica para piano.
942 _2ddc
_cBOOK
949 _a783.95 D19
_wDEWEY
_c1
_i47209
_lCCODEBUL1
_mBUL
_p00.00
_r0
_sY
_tBOOK
_u2015-06-24
_xTEOLOGIA
_PP35
_0COMPRA
_o.STAFF. Colección General
596 _a1
999 _a783.95 D19
_wDEWEY
_c23759
_i47209
_f2021-11-8
_g5
_lCCODEBUL1
_mBUL
_r0
_sY
_tBOOK
_u2015-6-24
_xEDUCACION
_PP35
_0COMPRA
_o.STAFF. Colección General
_d23759
980 _81
_gALBERTO SANCHEZ Responsable de Automatización